| 000 | 00553nam a2200121Ia 4500 | ||
|---|---|---|---|
| 008 | 220615s9999||||xx |||||||||||||| ||und|| | ||
| 245 | 0 | _aQueer Festivals | |
| 546 | _aEnglish[eng] | ||
| 650 | _aThe arts: general issues||Electronic, holographic & video art | ||
| 700 | _aEleftheriadis, Konstantinos | ||
| 856 | _uhttps://library.oapen.org/bitstream/20.500.12657/24424/3/9789048532780.pdf||https://library.oapen.org/bitstream/20.500.12657/24424/3/9789048532780.pdf||https://library.oapen.org/bitstream/20.500.12657/24424/3/9789048532780.pdf | ||
| 942 | _cEB | ||
| 999 |
_c10292 _d10292 |
||